000 00824nam a2200265 a 4500
001 408
003 BR-CuiBMT
005 20231129140632.0
008 230904s2009 rjb 000 0 por d
020 _a9788537506455
040 _aBR-CuiBMT
_cBR-CuiBMT
080 _a35
_22007
090 _a35
_bW699d
100 1 _aWilleman, Flávio de Araújo
245 1 0 _aDireito administrativo /
_cFlávio de Araújo Willeman, Fernando Barbalho Martins ; coordenação Milton Delgado.
260 _aRio de Janeiro :
_bLumen Juris,
_c2009.
300 _a354 p. ;
_c23 cm
490 1 _aColeção tópicos de direito ;
_vv. 6
504 _aInclui bibliografia.
650 _aDireito
_xFormação
650 _aDireito
_xExame da ordem
700 _aMartins, Fernando Barbalho
830 0 _aTópicos de direito ;
_v6
942 _2udc
_cLV
999 _c408
_d408